Geo. 2016, № 7 (217) (Запись № 12523315)
[ простой вид ]
| 000 -МАРКЕР | |
|---|---|
| контрольное поле | 00834nam2a2200205 4500 |
| 001 - ИДЕНТИФИКАТОР ЗАПИСИ | |
| контрольное поле | RU\NLR\PER_A\003156748_002090 |
| 005 - ИДЕНТИФИКАТОР ВЕРСИИ | |
| контрольное поле | 20250624074449.0 |
| 035 ## - ДРУГИЕ СИСТЕМНЫЕ НОМЕРА | |
| Идентификатор записи | (NLR Aleph) 012581549 |
| 100 ## - ДАННЫЕ ОБЩЕЙ ОБРАБОТКИ | |
| Данные общей обработки | 20210818d2016 |||y0rusy50 ca |
| 101 0# - ЯЗЫК РЕСУРСА | |
| Язык текста, звукозаписи и т.д. | русский |
| 102 ## - СТРАНА ПУБЛИКАЦИИ ИЛИ ПРОИЗВОДСТВА | |
| Страна публикации | Российская Федерация |
| 200 0# - ЗАГЛАВИЕ И СВЕДЕНИЯ ОБ ОТВЕТСТВЕННОСТИ | |
| Основное заглавие | 2016, № 7 (217) |
| 210 ## - ПУБЛИКАЦИЯ, РАСПРОСТРАНЕНИЕ И ДР. | |
| Дата издания, распространения и т.д. | 2016 |
| Место издания, распространения и т.д. | Б. м. |
| 461 #0 - УРОВЕНЬ НАБОРА | |
| Встроенное поле | 001RU\NLR\INFOCOMM16\1000020107 |
| -- | 2001#$aGeo$eНепознан. мир: Земля$eЕжемес. журн.$fУчредитель: Грунер + ЯрЗАО$v2016, № 7 (217) |
| Системный номер (АБИС) связанной записи | 3061667 |
| Место публикации | М. |
| Дата публикации | 1998- |
| Первые сведения об ответственности | Учредитель: Грунер + ЯрЗАО |
| Имя издателя, распространителя и т.д. | Грунер + ЯрЗАО |
| Сведения, относящиеся к заглавию | Непознан. мир: Земля : Ежемес. журн. |
| Заглавие | Geo |
| ISSN | 1029-5828 |
| Номер тома | 2016, № 7 (217) |
| 852 ## - МЕСТОНАХОЖДЕНИЕ И ШИФР ХРАНЕНИЯ | |
| Идентификатор организации | NLR |
| Шифр хранения (Call Number) | П23/4418 |
| 942 ## - ДОПОЛНИТЕЛЬНЫЕ ЭЛЕМЕНТЫ ЗАПИСИ (АБИС) | |
| Тип экземпляра АБИС | Выпуск |
| 980 ## - КОЛЛЕКЦИЯ | |
| Название коллекции | Национальная библиография |
| 980 ## - КОЛЛЕКЦИЯ | |
| Название коллекции | Русская периодика |
Нет доступных экземпляров.